| 000 | 00860nam a2200241 a 4500 | ||
|---|---|---|---|
| 005 | 20241105063724.0 | ||
| 008 | 121121s2007 mx r 000 0 spa d | ||
| 035 | _aUPN01000188858 | ||
| 049 | _aCG | ||
| 050 | 4 |
_aLC1099.5 M6 _bV5.3 |
|
| 100 | 1 |
_aVidales Delgado, Ismael, _d1943- _929623 |
|
| 245 | 1 | 0 |
_aEducación intercultural en Nuevo León / _cIsmael Vidales, Arturo Alemán, Socorro Reyna. |
| 260 |
_aMéxico : _bCECyTE : _bNL-CAEIP, _cc2007. |
||
| 300 |
_a246 p. : _bcuadros, gráfs. |
||
| 440 | 0 |
_aInvestigación educativa ; _v20 |
|
| 650 | 4 |
_aEducación intercultural _zMéxico _914189 |
|
| 650 | 4 |
_aEducación bilingüe _zMéxico _915022 |
|
| 650 | 4 |
_aIndígenas de México _xEducación _910 |
|
| 700 | 1 |
_aAlemán Martínez, Jesús Arturo, _ecoaut. |
|
| 700 | 1 |
_aReyna Martínez, María del Socorro, _ecoaut. |
|
| 905 | _aLibro | ||
| 999 |
_c160961 _d160961 |
||